Urdū zarīʻah-yi taʻlīm aur iṣt̤ilāḥāt. (Record no. 76412)
[ view plain ]
| 000 -LEADER | |
|---|---|
| fixed length control field | 00606cam a22002291 4500 |
| 001 - CONTROL NUMBER | |
| control field | sa 67007172 |
| 003 - CONTROL NUMBER IDENTIFIER | |
| control field | DLC |
| 005 - DATE AND TIME OF LATEST TRANSACTION | |
| control field | 20260227112413.0 |
| 008 - FIXED-LENGTH DATA ELEMENTS--GENERAL INFORMATION | |
| fixed length control field | 881102s1965 xx 000 0 urdo |
| 010 ## - LIBRARY OF CONGRESS CONTROL NUMBER | |
| LC control number | sa 67007172 |
| 035 ## - SYSTEM CONTROL NUMBER | |
| System control number | (OCoLC)23540930 |
| 040 ## - CATALOGING SOURCE | |
| Original cataloging agency | DLC |
| Transcribing agency | MiU |
| Modifying agency | DLC |
| 042 ## - AUTHENTICATION CODE | |
| Authentication code | premarc |
| 050 00 - LIBRARY OF CONGRESS CALL NUMBER | |
| Classification number | PK1979 |
| Item number | .A48 |
| 110 2# - MAIN ENTRY--CORPORATE NAME | |
| Corporate name or jurisdiction name as entry element | Āftāb Ḥasan. |
| 245 10 - TITLE STATEMENT | |
| Title | Urdū zarīʻah-yi taʻlīm aur iṣt̤ilāḥāt. |
| 260 ## - PUBLICATION, DISTRIBUTION, ETC. | |
| Date of publication, distribution, etc. | [1965] |
| 300 ## - PHYSICAL DESCRIPTION | |
| Extent | 72, [1] p. |
| Other physical details | illus. |
| Dimensions | 22 cm. |
| 500 ## - GENERAL NOTE | |
| General note | Romanized. |
| 650 #0 - SUBJECT ADDED ENTRY--TOPICAL TERM | |
| Topical term or geographic name entry element | Urdu language |
| General subdivision | Translating. |
| 650 #0 - SUBJECT ADDED ENTRY--TOPICAL TERM | |
| Topical term or geographic name entry element | Urdu language |
| General subdivision | Technical Urdu. |
No items available.